000
00251nam a2200085Ia 4500
245
0
_a
Successful websites : get brilliant results fast
100
_a
KELLY, David Richmond, 2009
_9
78024
942
_c
BK
008
210817s9999 xx 000 0 und d
999
_c
268815
_d
268814